000 00849nam a22002177a 4500
999 _c8432
_d8432
003 AR-CdUCM
008 190325b ||||| |||| 00| 0 spa d
040 _aMUNICIPALIDAD PROVINCIAL DEL CUSCO
_cBIBLIOTECA MUNICIPAL DEL CUSCO
082 _a515 /
_bC678
100 _aCohn, P.M.
_923667
245 _aEcuaciones Lineales /
260 _aMéxico :
_bUnion Tipografica Editorial Hispano Americana ,
_c1968.
300 _a100 páginas ;
_c17.5 cm.
440 _aManuales Uteha
_n195
_923668
505 _aContenido : Vectores .. Resolucion de un sistea de ecuaciones -- Matrices -- Resolucion de un sistema de ecuaciones -- Determinantes -- Respuestas a los ejercicios -- Indice Alfabetico...
650 _aAnalisis Matematico
_920053
650 _aEcuaciones Lineales
_923669
650 _aMatematicas
_99398
942 _2ddc
_cLIBROS
945 _artm